Ví giao duyên - Nam nữ đối ca /
সংরক্ষণ করুন:
| প্রধান লেখক: | |
|---|---|
| বিন্যাস: | Sách giấy |
| ভাষা: | Vietnamese |
| প্রকাশিত: |
H. :
Thời đại,
2012.
|
| বিষয়গুলি: | |
| ট্যাগগুলো: |
ট্যাগ যুক্ত করুন
কোনো ট্যাগ নেই, প্রথমজন হিসাবে ট্যাগ করুন!
|
| Thư viện lưu trữ: | Thư viện Trường Đại học Đà Lạt |
|---|
| LEADER | 00778nam a2200313 4500 | ||
|---|---|---|---|
| 001 | DLU120140965 | ||
| 005 | ##20120919 | ||
| 020 | # | # | |a 9786049282195 |
| 040 | # | # | |a DLU |b vie |
| 041 | # | # | |a vie |
| 044 | # | # | |a vn |
| 082 | # | # | |a 398.995 922 |b NG-X |
| 100 | # | # | |a Nguyễn Khắc Xương. |
| 245 | # | # | |a Ví giao duyên - Nam nữ đối ca / |c Nguyễn Khắc Xương. |
| 260 | # | # | |a H. : |b Thời đại, |c 2012. |
| 300 | # | # | |a 538 tr. ; |c 21 cm. |
| 650 | # | # | |a Bài hát dân gian |z Việt Nam. |
| 650 | # | # | |a Văn hoá dân gian |z Việt Nam. |
| 923 | # | # | |a 05/2012 |
| 991 | # | # | |a SH |
| 992 | # | # | |a 21500 |
| 994 | # | # | |a DLU |
| 900 | # | # | |a True |
| 911 | # | # | |a Đào Thị Thu Huyền |
| 925 | # | # | |a G |
| 926 | # | # | |a A |
| 927 | # | # | |a SH |
| 980 | # | # | |a Thư viện Trường Đại học Đà Lạt |


